MDQL
is popping MORE tags! Check the
thread
!
Quizzes
Events
Quiz Creation
Community
Videos
Private Events
Remove Ads
Sign In
Join for FREE
Feedback
Dark Mode
Quiz Categories
Sports
Geography
Music
Movies
Television
Just For Fun
Miscellaneous
History
Literature
Language
Science
Gaming
Entertainment
Religion
Holiday
For Kids
Quiz Lab
Recent
Popular Today
Quiz Kudos Today
Editor Picks
Curator Picks
Quizzes by...
Day
Popularity
Type
Ratings
Length
Year
Community
Subscriptions
Recent Discussions
Orange Saloon
Badges
Playlists
Quests
Create
Leaderboards
Showdown
Live 5
Trivia Bingo
Activity
Puzzle Library
Sporcle Events
Private Events
Virtual Trivia
Globe League
Become a Host
Pub Owners
SporcleCon
Opinionation
Our Games
Videos
Blog
Mobile Apps
Partnerships
Remove Ads and Go Orange
Feedback
Television
TV Characters
TV Show
Sitcom
Network
Friends
Reality Shows
Cast
South Park
Star Trek
The Simpsons
Doctor Who
Television
TV Characters
TV Show
Sitcom
Network
Friends
Reality Shows
Cast
South Park
Star Trek
The Simpsons
Doctor Who
Random Quiz
Search Sporcle
×
Curator Pick
Curator Pick
Television
Popular
Click on answers out of a set of options
Click on answers out of a set of options
Multiple Choice
Best Score? Go Orange.
Get the Picture: Netflix or Hulu? Stats
Can you choose whether each series is a Netflix or Hulu original?
By
RaysRule2010
4m
16 Questions
1,213 Plays
1,213 Plays
1,213 Plays
Comments
Comments
Give Quiz Kudos
Give Quiz Kudos
-
- Ratings
hide this ad
Replay
Link that replays current quiz
Next Quiz
Link to next quiz in quiz playlist
You Got
0%
They Got
Avg Score
78%
Avg Friend Score
Upgrade to see
Score Distribution
Jump to the score distribution portion of the page
Score
0/16
Timer
04:00
0
Plays Today
Question
Answer
Wrong Answers
Stranger Things
Netflix
94.6%
Hulu
2.4%
Orange is the New Black
Netflix
94.2%
Hulu
2.5%
13 Reasons Why
Netflix
91.7%
Hulu
5.6%
Fuller House
Netflix
84.5%
Hulu
12.9%
Daredevil
Netflix
82.2%
Hulu
14.7%
BoJack Horseman
Netflix
80.8%
Hulu
16%
East Los High
Hulu
80.1%
Netflix
16%
Difficult People
Hulu
77.8%
Netflix
19%
The Path
Hulu
77.7%
Netflix
19.7%
Casual
Hulu
76.6%
Netflix
19.6%
Deadbeat
Hulu
75%
Netflix
22%
Chilling Adventures of Sabrina
Netflix
74%
Hulu
22.8%
Castle Rock
Hulu
67.6%
Netflix
28.5%
The Handmaid's Tale
Hulu
66.1%
Netflix
31%
The Ranch
Netflix
64%
Hulu
33.2%
Into the Dark
Hulu
63.8%
Netflix
32.3%
Quiz Playlist
Details
Report
Send in Message
Add To Playlist
Multiple Choice:
Click on answers out of a set of options
Last Updated: Mar 14, 2019
Curator Pick in
Network
Quiz Scoreboard
CHALLENGE
Sign Up to Join the Scoreboard
Show All
Scores
Hide
Comments
May contain spoilers
Recently Published
Find the 'City' Movie
by crazypaving
Movies
60s
5x2 Blitz: Bands
by SL_Kpop136
Music
30s
Colored Red Africa Blitz
by spor1
Geography
30s
More to Explore
Quiz From the Vault
Featured Blog Post
14 Easter Pick-up Lines to Find Eggs With
hide this ad
You Might Also Like...
Tags
Get the Picture Quiz
Network Quiz
Popular Quiz
Show Quiz
This or That Quiz
TV Show Quiz
Today's Top Quizzes in Television
Browse Television
hide this ad
Today's Top Quizzes in Popular
Browse Popular
Top Contributed Quizzes in Television
1
Survivor Journey Challenge
2
Survivor Logic Puzzle: Heroes vs. Villains
3
One Tree Hill Logic Puzzle
4
Phoebe Buffay Quotes
5
Game of Thrones: Tywin Lannister Start to Finish
6
Brooklyn Nine Nine Logic Puzzle (How-To-Play)
7
A Series of Unfortunate Events: Netflix Character Chain
8
All US Survivor Seasons in Order
9
Survivor: Criteria Castaways
10
A Series of Unfortunate Events: S3 Character Chain
Explore More
Trending Topics
Crossword
Marvel
Anime
NBA
Harry Potter
Kpop
Disney
The Office
Country
NFL
Song
WWE
Soccer
Puzzle
Pokémon
hide this ad
More By:
RaysRule2010
Quiz
Plays
Rating
Category
Featured
Created
Sports Logos II
317,097
4.02
Sports
Feb 5, 2011
Safe Cracker: Sports
282,018
2.50
Sports
Jan 13, 2011
Baby Names: Per Letter (2000s)
89,958
3.89
Miscellaneous
Dec 13, 2010
'S' Country per Second Letter
78,385
4.56
Geography
Feb 7, 2011
Cleveland Cavaliers All-Time Leaders
77,101
4.45
Sports
Feb 19, 2014
Go to Creator's Profile
Score Distribution
Quiz Creator Spotlight
RaysRule2010
Follow
Send a Message
Quizzes Created
-
Created Quiz Play Count
-
More By This Creator
Popular Quizzes Today
1
5x2 Blitz: Bands
2
Find the 'City' Movie
3
Colored Red Africa Blitz
4
Find the US States - No Outlines Minefield
5
The Countries of the World
6
Find the US States
7
9x9 Crossword: Cartoon Network
8
US States
More Television Quizzes
Get The Picture: DC or Marvel (TV)
Curator's Pick
Trending Quizzes
Colored Red Africa Blitz II
Colored Red Europe Blitz I
Christmas Pick: Judaism
Colored Red Africa Blitz III
Colored Red Europe Blitz II
Recently Updated
Champions League XIs: Real Madrid
pecheneg
Largest US Cities 1790-2010
pecheneg
Rides in Walt Disney World
pecheneg
Most Oscar Losses (Acting)
pecheneg
Beyoncé Albums
pecheneg
Leaping Animals
pecheneg
Reality TV Shows (A-Z)
bhenderson79
Rickey Henderson's Hall of Fame Teammates
pecheneg
Champions League XIs: Arsenal
pecheneg
Quick Pick: Celebrities in WWE's Hall of Fame
aduchscher
Trending Topics
NBA
Harry Potter
Crossword
Anime
Kpop
Marvel
Disney
Country
Puzzle
WWE
Pokémon
Soccer
Song
The Office
NFL
Your Account Isn't Verified!
In order to create a playlist on Sporcle, you need to verify the email address you used during registration. Go to your
Sporcle Settings
to finish the process.
Report this User
Report this user for behavior that violates our
Community Guidelines
.
Details:
Send Report
Go to the Sporcle.com Mobile Site →
Comments